01146 a2200169 4500003000500000005001700005010001300022040000900035082001500044100002400059245008000083260004300163300003500206505065500241600002400896650005600920Nust20221229091516.0 a54007137 cNust a355.02,GUG aGugeler, Russell A. aCombat actions in Korea:binfantry, artillery, armor / cRussell A.Gugeler, aCombat Forces PressbWashington,c1954 axi, 260 pb illuscmapse24 cm aWithdrawal Action (Page-3), Attack Along a Ridgeline (Page-20), Defense of a Battery Position (Page-31), Attack to the Rear (page-39), Tank Action at Chongju (Page-47), Artillery at Kunu – Ri (Page-53), Chosin Reservoir (Page-62), Twin Tunnels Patrol Ambush (Page-88), Chipyong- ni (Page-108), Task Force Crombez (Page-134 ), Tank Support (Page-145), A Rifle Company as a Covering Force (Page-152), Artillery in Perimeter Defense (APge-162), Hill 800 (Bunker Hill) (Page-174), task Force Gerhardt (Page-191), Million Dollar Hill (Page-201) Bloody Ridge (Page-210), Heartbreak Ridge (Page-223), Outpost Eerie (Page-230), Combat Patrol (Page-244). aGugeler, Russell A. aCombat actions in Korea: infantry, artillery, armor